| 000 | 00675nam a22001935i 4500 | ||
|---|---|---|---|
| 001 | 159334 | ||
| 003 | ES-MaACL | ||
| 005 | 20230906211541.0 | ||
| 008 | 040913s1871 gw |||| | eng d | ||
| 040 |
_aCAM _bspa _cCAM |
||
| 100 | 1 |
_aMelville, George John Whyte. _9129815 |
|
| 245 | 1 | 0 |
_aSarchedon _b: a legend of the Great Queen / _cby G.J. Whyte Melville. |
| 260 |
_aLeipzig : _bBernhard Tauchnitz, _c1871. |
||
| 300 |
_a2 v. (312; 312 p.) ; _c16 cm. |
||
| 490 | 1 |
_aCollection of british authors ; _v1173; 1174 |
|
| 830 | 0 |
_aCollection of british authors ; _v1173; 1174 _9180703 |
|
| 852 |
_aES-MaACL _jG-12400 _z-- Enc. hol. _z-- 2 t. en 1 v. |
||
| 999 |
_c159334 _d159334 |
||